000 00529cab a2200205 4500
001 WB3513-48
008 090401t xxu||||| |||| 00| 0 eng d
035 _a(Sirsi) u92652
041 _aeng
245 _aAdapted and accessible housing
350 _a0
650 _aACCESSIBLE HOUSING
650 _aALLOCATION OF HOUSING
650 _aDISABILITY HOUSING REGISTERS
650 _aDISABILITY
650 _aNATIONAL DISABLED PERSONS HOUSING SERVICE
690 _aBlock management
_96220
942 _n0
948 _c08/04/1999
999 _c58724
_d58724